banner koha

Use of calcareous algae and monensin in Nellore cattle subjected to an abrupt change in diet (Registro n. 300349)

MARC details
000 -LÍDER
fixed length control field 04446nab a2200349 i 4500
003 - CÓDIGO MARC DA AGÊNCIA CATALOGADORA
Campo de controle BR-BrBNA
005 - DATA E HORA DA ÚLTIMA ATUALIZAÇÃO
Campo de controle 20240702125218.0
008 - CAMPO DE TAMANHO FIXO
fixed length control field 240702b2016 bl.mr|pooa||| 00| 0 eng |
040 ## - FONTE DA CATALOGAÇÃO
Agência catalogadora BR-BrBNA
Idioma da catalogação eng
072 ## - CATEGORIA AGRIS
Código AGRIS Q55
Código do objeto 5213
072 ## - CATEGORIA AGRIS
Código AGRIS L02
100 ## - ENTRADA PRINCIPAL - NOME PESSOAL
Nome pessoal Carvalho, Roberta Ferreira
100 ## - ENTRADA PRINCIPAL - NOME PESSOAL
Nome pessoal Mazon, Madeline Rezende
100 ## - ENTRADA PRINCIPAL - NOME PESSOAL
Nome pessoal Silva, Ana Paula dos Santos
100 ## - ENTRADA PRINCIPAL - NOME PESSOAL
Nome pessoal Oliveira, Leticia Silva
100 ## - ENTRADA PRINCIPAL - NOME PESSOAL
Nome pessoal Zotti, Claiton André
100 ## - ENTRADA PRINCIPAL - NOME PESSOAL
Nome pessoal Silva, Saulo da Luz e
100 ## - ENTRADA PRINCIPAL - NOME PESSOAL
Nome pessoal Leme, Paulo Roberto
245 ## - TÍTULO PRINCIPAL
Título principal Use of calcareous algae and monensin in Nellore cattle subjected to an abrupt change in diet
500 ## - NOTA GERAL
Nota geral Publicação on-line; 22 ref.; 4 tables; Sumaries (En, Pt)
942 ## - ADDED ENTRY ELEMENTS (KOHA)
Koha item type
520 ## - NOTA DE RESUMO
Nota de conteúdo <br/><br/>ABSTRACT - Additives are used in high concentrate diets to prevent metabolic disorders in cattle. This study was designed to evaluate the effect of calcium sources and monensin on the control of ruminal acidosis in Nellore cattle that were abruptly shifted to a high (92.3%) concentrate diet. Eight cannulated steers were randomly assigned to two contemporary 4x4 Latin square. Treatments involved the addition of a calcium source, either limestone (LI) or a product derived from calcareous algae (CA), to the basic diet with or without the presence of monensin. Calcareous alga (Lithothamnium calcareum) is a natural and renewable product and a source of calcium carbonate. The quantity of added limestone, calcareous algae and monensin was 7.1g kg-1, 7.4g kg-1 and 30mg kg-1 DM, respectively. There was no effect of calcium source (P=0.607) or monensin (P=0.294) on feed intake or on the concentration of short chain fatty acids. Treatments with calcareous algae resulted in a higher mean ruminal pH (P=0.039), a shorter amount of time with the ruminal pH under 5.2 (P<0.001) and a better control of blood pH (P=0.006). Treatments with monensin also resulted in a shorter amount of time with the ruminal pH below 5.2 (P=0.023). Calcareous algae were shown to be effective in controlling adverse changes in the rumen and in blood variables for Nellore cattle that were subjected to an abrupt change to a high concentrate diet.<br/><br/>Key words: acidosis, feedlot, high concentrate, ruminal variables.
520 ## - NOTA DE RESUMO
Nota de conteúdo <br/><br/>RESUMO - Os aditivos são amplamente utilizados em dietas com elevada proporção de concentrado a fim de prevenir distúrbios metabólicos em bovinos. Este estudo foi desenvolvido para avaliar o efeito das diferentes fontes de cálcio, com ou sem monensina sódica na dieta, no controle da acidose ruminal de bovinos Nelore, recebendo, de forma abrupta, uma dieta com elevada proporção (92,3%) de concentrado. Oito bovinos portadores de cânulas ruminais foram distribuídos em um delineamento quadrado latino (4x4) duplo contemporâneo. Os tratamentos foram a adição de diferentes fontes de cálcio, calcário calcítico (LI) ou produto a base de alga calcária (CA), com (WIMO) ou sem (WOMO) a presença de monensina, à dieta base. A alga calcária, Lithothamnium calcareum, é um produto natural, renovável e fonte de carbonato de cálcio, podendo ser uma alternativa no controle desses distúrbios. A inclusão de LI, CA e monensina foi de 7,1g kg-1, 7,4g kg-1 e 30mg kg-1 MS, respectivamente. Não houve efeito das fontes de cálcio e da monensina sobre o consumo alimentar e concentração total dos ácidos graxos de cadeia curta. Os tratamentos com AC resultaram em maior pH ruminal médio (P=0,039), menor tempo com pH ruminal abaixo de 5,2 (P<0,001) e um maior pH sanguíneo (P=0,006). Os tratamentos com monensina apresentaram menor tempo com pH ruminal abaixo de 5,2 (P=0,023). O produto a base de alga calcária foi eficiente no controle das mudanças adversas das variáveis ruminais e sanguíneas em bovinos Nelore submetidos a mudanças abruptas para dietas com elevada proporção de concentrado.<br/><br/>Palavras-chave: acidose, alto concentrado, confinamento, variáveis ruminais.
650 ## - ASSUNTO - THESAGRO
Cabeçalho tópico ou nome geográfico GADO NELORE
650 ## - ASSUNTO - THESAGRO
Cabeçalho tópico ou nome geográfico CONFINAMENTO
650 ## - ASSUNTO - THESAGRO
Cabeçalho tópico ou nome geográfico DIETA
650 ## - ASSUNTO - THESAGRO
Cabeçalho tópico ou nome geográfico ADITIVO
650 ## - ASSUNTO - THESAGRO
Cabeçalho tópico ou nome geográfico ACIDOSE
773 0# - ENTRADA ANALÍTICA
Host Biblionumber 2408
Registro do item 314926
Imprenta Santa Maria-RS Universidade Federal de Santa Maria - Centro de Ciências Rurais 1991
Outro identificador 2024-1177
Título Ciência Rural (Brazil)
ISSN 0103-8478
Colação v. 46(4) p. 713-718; (2016)
Número de controle de registro BR2024001286
856 ## - ACESSO E ENDEREÇO ELETRÔNICO
Identificador uniforme de recurso - URI https://www.scielo.br/j/cr/a/BmKn65P8VTZRbZmcMFsxWGB/?format=pdf&lang=en

Nenhum exemplar disponível.

BINAGRI

Telefone: (61)3218-2567/2388/3357/2097 - binagri@agro.gov.br

Ministério da Agricultura e Pecuária , Esplanada dos Ministérios, Bloco D, Anexo B, Brasília/DF, CEP: 70.043-900